000 00739nam a2200229Ia 4500
001 17023
003 GE_BSU
008 181216s||||||||xx |||||||||||||| ||und||
040 _cGE_BSU
080 _a82-93:821.161.1-3
100 _aკოროლენკო, ვ.გ.
245 _aცუდ წრეში
245 _bმოთხრობები
245 _cთარგმ. რუსუდან ქებულაძემ. რედ.ქ.ქუჩუკაშვილი
260 _aთბილისი
260 _bსაბლიტგამი
260 _c1955
300 _a363გვ. : ილ. ; 21სმ
653 _aმოთხრობები
653 _aცუდ წრეში
942 _cBK
999 _c50085
_d50085